000 00677nam a2200205Ia 4500
001 16644
003 GE_BSU
008 181216s||||||||xx |||||||||||||| ||und||
040 _cGE_BSU
080 _a821.353.1 + 821.353.1-32 + 821.353.1-2
100 _aნაკაშიძე, ნ.
245 _aრჩეული. მოთხრობები, პიესა. ტ.2
245 _cგ. კაჭახიძის შესავალი წერილით
260 _aთბილისი
260 _bნაკადული
260 _c1961
300 _a346 გვ.23სმ.
653 _aმოთხრობები, პიესა
942 _cBK
999 _c49710
_d49710